00991cam a2200253 a 4500001001000000003000500010005001700015008004100032010001500073020001800088040001800106042000800124050002300132100002800155245009100183250001700274260004000291300004500331500003300376650003900409856010600448856009100554856009200645STB033171PILC20150924135656.0111128s2013 maua 001 0 eng  a2011944307 a9789814510639 aDLCcDLCdDLC apcc00aQA 372 b.Z65 20131 aZill, Dennis G.,d1940-12aA first course in differential equations with modeling applications /cDennis G. Zill. a8th edition. aAndover :bCengage Learning,c2013. axv, 549 pages :billustrations ;c29 cm. aIncludes appendix and index. 0aDifferential equationsvTextbooks.423Contributor biographical informationuhttp://www.loc.gov/catdir/enhancements/fy1303/2011944307-b.html423Publisher descriptionuhttp://www.loc.gov/catdir/enhancements/fy1303/2011944307-d.html413Table of contents onlyuhttp://www.loc.gov/catdir/enhancements/fy1303/2011944307-t.html